000 00341 a2200145 4500
001 47957
040 _cAnchieta - Aquarius
100 _aHeck, Lenira Almeida
240 1 0 _aNo reino das letras felizes
_lpor
245 1 0 _aNo reino das letras felizes
300 _a14
362 0 _a2007
650 4 _aLiteratura infanto-juvenil
942 _cBK
999 _c47957
_d47957